000 00690nam a2200277Ia 4500
005 20260320195746.0
008 008 262003s9999 xx 000 0 hin d
020 _a9789387462717
037 _aEBOOK
040 _aCRL
040 _bhin
040 _cCRL
041 _2hin
041 _ahin
084 _qCRL
100 _aगौरव सोलंकी
_91133029
245 0 _aग्यारहवीं-A के लड़के
250 _a5th
260 _bRajkamal
260 _c2018
300 _a144
856 _uhttps://ebook.indiaread.in/pdfs/Gyarahvin_a_ke_larke_by_Gaurav_Solnki.pdf
942 _cEBOOK
999 _c1716336
_d1716336